[Event "SVK-chT2B 0910"]
[Site "Slovakia"]
[Date "2010.02.06"]
[Round "8.8"]
[White "Toth, Stanislav"]
[Black "Kollar, Jan"]
[Result "0-1"]
[WhiteElo "1858"]
[BlackElo "1755"]
[PlyCount "64"]
[EventDate "2009.10.10"]
[EventType "team"]
[EventRounds "11"]
[EventCountry "SVK"]
[SourceTitle "EXT 2011"]
[Source "ChessBase"]
[SourceDate "2010.11.26"]
[SourceVersion "1"]
[SourceVersionDate "2010.11.26"]
[SourceQuality "1"]
[WhiteTeam "Nove Zamky Basta II"]
[BlackTeam "Sala Slovan Duslo"]
[WhiteTeamCountry "SVK"]
[BlackTeamCountry "SVK"]

1. e4 c5 2. Nf3 Nc6 3. Nc3 Nf6 4. Be2 a6 5. 0-0 d5 6. exd5 Nxd5 7. Nxd5 Qxd5 8. b3 e5 9. Bb2 Be7 10. Re1 e4 11. Bc4 Qf5 12. Re3 b5 13. Be2 0-0 14. Ne1 Bg5 15. Rg3 Ne5 16. d3 Bf4 17. dxe4 Qxe4 18. Bf3 Nxf3+ 19. Rxf3 Bg4 20. Rxf4 Qxf4 21. f3 Qe3+ 22. Kh1 Bf5 23. Qd5 Rfe8 24. Nd3 Bxd3 25. Qxd3 Qe1+ 26. Qf1 Qd2 27. Rc1 Re2 28. h3 Rae8 29. Kh2 Qf4+ 30. Kh1 Qg3 31. Bc3 b4 32. Bd2 Rxd2 0-1